Middle march: A study of provincial life (Record no. 227837)

MARC details
000 -LEADER
fixed length control field 00362nam a2200145Ia 4500
008 - FIXED-LENGTH DATA ELEMENTS--GENERAL INFORMATION
fixed length control field 230917s9999||||xx |||||||||||||| ||und||
040 ## - CATALOGING SOURCE
-- 49499
Original cataloging agency VIVEKANANDA LIBRARY
041 ## - Language
-- English
082 ## - DDC NUMBER
Classification number 823.7 E44M
100 ## - MAIN ENTRY--PERSONAL NAME
Personal name Eliot, George
245 #0 - TITLE STATEMENT
Title Middle march: A study of provincial life
260 ## - PUBLICATION, DISTRIBUTION, ETC. (IMPRINT)
Place of publication, distribution, etc London
Name of publisher, distributor, etc Collier Books
Date of publication, distribution, etc 1966
300 ## - PHYSICAL DESCRIPTION
Pages 768 p.
942 ## - ADDED ENTRY ELEMENTS (KOHA)
Koha item type Books
Holdings
Withdrawn status Lost status Damaged status Not for loan Location (home branch) Sublocation or collection (holding branch) Date acquired Koha issues (times borrowed) Koha full call number Accession No. Koha date last seen Koha item type
        VIVEKANANDA LIBRARY VIVEKANANDA LIBRARY 09/12/2002   823.7 E44M 9555 17/09/2023 Books
© Designed and Maintained by Vivekananda Library, MDU Rohtak